000 nam a22 a 4500
999 _c3593
_d3593
003 AKMAL
005 20170523115352.0
008 170523s1987 xxu 001 0 eng d
020 _a0395357101
040 _aAKMAL
_cAKMAL
082 0 4 _a658.8 PRI
090 0 0 _a658.8
_bPRI
090 2 0 _a658.8
_bPRI
100 1 _aPride, William M.
_97135
245 1 0 _aMarketing :
_bbasic concepts and decisions /
_cWilliam M. Pride, O.C. Ferrell.
250 _a5th ed.
260 _aBoston :
_bH.Mifflin,
_cc1987.
300 0 0 _axxx, 766p. :
_bill.(some col.) ;
_c26cm
504 _aIncludes bibliographical references.
650 0 _aMarketing
_97031
700 1 _aFerrell, O. C.
_97136
942 _2ddc
_cBOOK